| 000 | 00612nam a2200193Ia 4500 | ||
|---|---|---|---|
| 003 | OSt | ||
| 005 | 20260406144539.0 | ||
| 008 | 210210b1998 xxu||||| |||| 00| 0 eng d | ||
| 040 | _cAL | ||
| 041 | _ahin | ||
| 082 | _aH891.8 SMIM | ||
| 100 |
_aSMITA (Chipalunkar): _9205006 _dस्मिता चिपलूणकर |
||
| 245 |
_aMangalore aur aspas jaisa maine jana: _bमंगलौर और आसपास जैसा मैंने जाना |
||
| 260 |
_aMangalore _bBharat Printars _c1998 |
||
| 300 | _a122 | ||
| 690 |
_aHindi Miscellaneous _9205008 |
||
| 906 | _a054271 | ||
| 942 |
_2ddc _cBK |
||
| 999 |
_c102375 _d102375 |
||